00414nam a2200157Ia 4500003000400000005001700004008004100021040000700062041001200069082001500081100001100096245005200107260005800159300002600217365001300243OSt20251110181319.0210423s2000 xx 000 0 und d cAL aEnglish a370 bDASE aDash M aEducation in indiab: Problems and perspectivls aNew DelhibAtlantic Publishers and Distributorsc2000 a366p.bHBc22x14.5cm. b595cINR